000 00222nam a2200085Ia 4500
008 120527s9999 xx 000 0 und d
100 _aKATHLOFF, Klaus
245 _aAnalysis of biological development 2nd edition
942 _cBK
999 _c25213
_d25213